00322nam a2200133Ia 4500003000400000008004100004082001300045100001600058245005300074250001200127260003300139300000800172650000800180OSt191201s2010 xx 000 0 und d a332bBHC aBHOJANNA, U 0aComtemparary issues and challenges in banking... a1st Ed. aNew DelhibExcel Booksc2010 a728 aMBA